Elements of power system analysis (Record no. 7983)

000 -LEADER
fixed length control field 00512nam a22001937a 4500
001 - CONTROL NUMBER
control field 7983
003 - CONTROL NUMBER IDENTIFIER
control field BD-DhUET
008 - FIXED-LENGTH DATA ELEMENTS--GENERAL INFORMATION
fixed length control field 150103b xxu||||| |||| 00| 0 eng d
040 ## - CATALOGING SOURCE
Transcribing agency 0
Modifying agency BD-DhUET
082 ## - DEWEY DECIMAL CLASSIFICATION NUMBER
Classification number 623.12
Item number STE/1962
100 ## - MAIN ENTRY--PERSONAL NAME
Personal name Stevenson, William D.
245 ## - TITLE STATEMENT
Title Elements of power system analysis
250 ## - EDITION STATEMENT
Edition statement 2nd ed.
260 ## - PUBLICATION, DISTRIBUTION, ETC. (IMPRINT)
Place of publication, distribution, etc. New York
Name of publisher, distributor, etc. McGraw Hill
Date of publication, distribution, etc. 1962
300 ## - PHYSICAL DESCRIPTION
Extent xii,388p.
Other physical details ill.
490 ## - SERIES STATEMENT
Series statement McGraw-Hill series in electrical engineering
650 #0 - SUBJECT ADDED ENTRY--TOPICAL TERM
Topical term or geographic name as entry element Electric power systems
942 ## - ADDED ENTRY ELEMENTS (KOHA)
Koha item type General Book
Holdings
Koha date last seen Withdrawn status Koha date last borrowed Piece designation (barcode) Source of classification or shelving scheme Copy number Shelving location Not for loan Lost status Koha issues (times borrowed) Sublocation or collection (holding branch) Koha normalized classification for sorting Damaged status Location (home branch) Price effective from Date acquired Koha item type Koha full call number
2015-02-15 2015-01-0359291 1Circulation section  1Central Library, BUET623_120000000000000_STE_1962 Central Library, BUET2015-01-032015-01-03General Book623.12/STE/1962
2015-05-03  9964 2Circulation section   Central Library, BUET623_120000000000000_STE_1962 Central Library, BUET2015-05-032015-05-03General Book623.12/STE/1962
2015-05-03  24509 3Circulation section   Central Library, BUET623_120000000000000_STE_1962 Central Library, BUET2015-05-032015-05-03General Book623.12/STE/1962
2015-05-03  1492 4Circulation section   Central Library, BUET623_120000000000000_STE_1962 Central Library, BUET2015-05-032015-05-03General Book623.12/STE/1962
2015-05-03  11276 5Circulation section   Central Library, BUET623_120000000000000_STE_1962 Central Library, BUET2015-05-032015-05-03General Book623.12/STE/1962
2015-05-03  16357 6Circulation section   Central Library, BUET623_120000000000000_STE_1962 Central Library, BUET2015-05-032015-05-03General Book623.12/STE/1962
2015-06-25  39966 7Reading section   Central Library, BUET623_120000000000000_STE_1962 Central Library, BUET2015-06-252015-06-25Reading Item623.12/STE/1962
2015-06-28  39964 8Reading section   Central Library, BUET623_120000000000000_STE_1962 Central Library, BUET2015-06-282015-06-28Reading Item623.12/STE/1962
2015-06-28  39965 9Reading section   Central Library, BUET623_120000000000000_STE_1962 Central Library, BUET2015-06-282015-06-28Reading Item623.12/STE/1962
2015-06-28  39962 10Reading section   Central Library, BUET623_120000000000000_STE_1962 Central Library, BUET2015-06-282015-06-28Reading Item623.12/STE/1962